| 000 | 00817nam a22002297a 4500 | ||
|---|---|---|---|
| 999 |
_c17549 _d17549 |
||
| 003 | AR-CdUCM | ||
| 008 | 190509b ||||| |||| 00| 0 spa d | ||
| 040 |
_aMUNICIPALIDAD PROVINCIAL DEL CUSCO _cBIBLIOTECA MUNICIPAL DEL CUSCO |
||
| 082 |
_a372.41 / _bG649 |
||
| 100 |
_aGoodenough, F. L. _937627 |
||
| 245 | _aLa inteligencia del niño pequeño / | ||
| 260 |
_aBuenos Aires : _bPaidos, _c1965. |
||
| 300 |
_a84 páginas ; _c21 cm. |
||
| 505 | _aContenido : Constancia del rendimiento -- Panorama de los estudios sobre los gemelos criados separadamente -- Francis Galton en su infancia... | ||
| 650 |
_aEducación _9460 |
||
| 650 |
_aGemelos _937628 |
||
| 650 |
_acociente de la inteligencia _937629 |
||
| 700 |
_aTerman, L. M. _937630 |
||
| 700 |
_aWayne, Dennis _937631 |
||
| 942 |
_2ddc _cLIBROS |
||
| 945 | _arcc | ||